00619nam a2200169Ia 4500008004000000020001800040082001600058100003800074245006300112250000500175260003300180300001200213690002800225906001200253999001900265952016500284210210b1999 xxu||||| |||| 00| 0 eng d a1 55581 128 0 a660.62 DEMM aDEMAIN (Arnold L) and others. Ed. aManual of industrial microbiology and biotechnology. Ed 2. a aWashington.bASM Pressc1999 axiv,830 aIndustrial Microbiology aSG03817 c114292d114292 001040738MicrobiologyaALbALcMicrobiologyd2021-02-17eYashaswi Enterprises, Bangalore.g0.00l0o660.62 DEMMpSG03817r2021-02-17 00:00:00w2021-02-17ySG